00714nam a22001937a 4500003000900000008004100009040007100050082002700121100002100148245002900169260004100198300002800239440002700267505013300294650003000427650002600457650001400483700002300497AR-CdUCM190329b ||||| |||| 00| 0 spa d aMUNICIPALIDAD PROVINCIAL DEL CUSCOcBIBLIOTECA MUNICIPAL DEL CUSCO a818.503 /bF61J / 1945 aFlavin, Martín aJornada en las sombras / aBuenos Aires :bSudamericana,c1945. a720 páginas ;c18 cm. aColección horizonte. aContenido: Constituye una crítica social dura y valiente, a lo largo de un relato que no pierde su interés un solo instante. aLiteratura estadounidense aNovela estadounidense aSiglo XX. aHernani, Miguel de